|
|
|
|
| LEADER |
01375nam a2200349Ia 4500 |
| 001 |
EBC289834 |
| 003 |
MiAaPQ |
| 005 |
20200520144314.0 |
| 006 |
m o d | |
| 007 |
cr cn||||||||| |
| 008 |
011019s2004 enk s 000 0 eng d |
| 020 |
|
|
|z 0861769961
|
| 035 |
|
|
|a (MiAaPQ)EBC289834
|
| 035 |
|
|
|a (Au-PeEL)EBL289834
|
| 035 |
|
|
|a (CaPaEBR)ebr10067138
|
| 035 |
|
|
|a (CaONFJC)MIL51514
|
| 035 |
|
|
|a (OCoLC)61859180
|
| 040 |
|
|
|a MiAaPQ
|c MiAaPQ
|d MiAaPQ
|
| 050 |
|
4 |
|a HD30.213
|b .I54 2004
|
| 245 |
0 |
0 |
|a Information systems evaluation
|h [electronic resource] :
|b getting closer to the organization /
|c Guest editors, Dr. Stephen Jones and Dr. Jim Hughes.
|
| 260 |
|
|
|a Bradford, England :
|b Emerald Group Publishing,
|c c2004.
|
| 300 |
|
|
|a 84 p.
|
| 490 |
1 |
|
|a Journal of Enterprise Information Management. No. 4 ;
|v Vol. 17
|
| 533 |
|
|
|a Electronic reproduction. Ann Arbor, MI : ProQuest, 2015. Available via World Wide Web. Access may be limited to ProQuest affiliated libraries.
|
| 650 |
|
0 |
|a Information management.
|
| 650 |
|
0 |
|a Management information systems.
|
| 655 |
|
4 |
|a Electronic books.
|
| 700 |
1 |
|
|a Jones, Stephen.
|
| 700 |
1 |
|
|a Hughes, Jim.
|
| 710 |
2 |
|
|a ProQuest (Firm)
|
| 830 |
|
0 |
|a Journal of enterprise information management ;
|v v. 17, no. 4.
|
| 856 |
4 |
0 |
|u https://ebookcentral.proquest.com/lib/matrademy/detail.action?docID=289834
|z Click to View
|